| 000 | 00843nam a22002297a 4500 | ||
|---|---|---|---|
| 005 | 2008092903563.0 | ||
| 008 | 080929t xxu||||| |||| 00| 0 eng d | ||
| 010 | _aENG-91070 | ||
| 020 |
_a9788184500974 _c1800.00 |
||
| 035 | _aEN-74603 | ||
| 037 | _bDBAD / PUB | ||
| 040 | _aDPL | ||
| 082 | _a174.4 | ||
| 100 | _aBhatia, S.K. | ||
| 245 |
_aBusiness ethics and global values: _bfor nanagement course/ _cby S.K. Bhatia; foreword by Abad Ahmad |
||
| 260 |
_aNew Delhi _bDeep & Deep Publications _c2008 |
||
| 300 |
_axvi, 430p. _c24cm.(Hb) |
||
| 650 | _aBusiness ethics. | ||
| 650 | _aSocial responsibility of business | ||
| 942 |
_2ddc _cEN _h174.4 _mBHA |
||
| 999 |
_c15984 _d15984 |
||